Catálogo

Vista normal Vista MARC

Entrada Personal Name

Número de registros utilizados en: 1

001 - CONTROL NUMBER

  • control field: 16878

003 - CONTROL NUMBER IDENTIFIER

  • control field: DLC

005 - DATE AND TIME OF LATEST TRANSACTION

  • control field: 20250318121139.0

008 - FIXED-LENGTH DATA ELEMENTS

  • fixed length control field: 830503n| azannaabn |a aaa

010 ## - LIBRARY OF CONGRESS CONTROL NUMBER

  • LC control number: n 83069510

035 ## - SYSTEM CONTROL NUMBER

  • System control number: (OCoLC)oca00952147

040 ## - CATALOGING SOURCE

  • Original cataloging agency: DLC
  • Language of cataloging: spa
  • Description conventions: rda
  • Transcribing agency: Mx-PuUPA
  • Modifying agency: DLC
  • Modifying agency: MnHi
  • Modifying agency: NmU
  • Modifying agency: FU
  • Modifying agency: NjP
  • Modifying agency: DLC
  • Modifying agency: InNd
  • Modifying agency: ICU
  • Modifying agency: DLC
  • Modifying agency: DLC
  • Modifying agency: Mx-PuUPA

046 ## - SPECIAL CODED DATES

  • Birth date: 17680815
  • Death date: 18540903
  • Source of date scheme: edtf

053 #0 - LC CLASSIFICATION NUMBER

  • Classification number element--single number or beginning number of span: PT2504.S88

100 1# - HEADING--PERSONAL NAME

  • Personal name: Schmid, Christoph von,
  • Dates associated with a name: 1768-1854

370 ## - ASSOCIATED PLACE

  • Place of birth: Dinkelsbühl (Alemania)
  • Place of death: Augsburg (Alemania)
  • Source of term: naf

372 ## - FIELD OF ACTIVITY

  • Field of activity: Himnos
  • Field of activity: Literatura infantil
  • Source of term: lcsh

373 ## - ASSOCIATED GROUP

  • Associated group: Iglesia Católica
  • Source of term: naf

374 ## - OCCUPATION

  • Occupation: Sacerdote
  • Occupation: Autor
  • Source of term: lcsh

377 ## - ASSOCIATED LANGUAGE

  • Language code: ger

378 ## - FULLER FORM OF PERSONAL NAME

  • Fuller form of personal name: Johann Christoph Friedrich

400 1# - SEE FROM TRACING--PERSONAL NAME

  • Personal name: Von Schmid, Christoph,
  • Dates associated with a name: 1768-1854

400 1# - SEE FROM TRACING--PERSONAL NAME

  • Personal name: Schmid, Johann Christoph Friedrich von,
  • Dates associated with a name: 1768-1854

400 1# - SEE FROM TRACING--PERSONAL NAME

  • Personal name: Von Schmid, Johann Christoph Friedrich,
  • Dates associated with a name: 1768-1854

400 1# - SEE FROM TRACING--PERSONAL NAME

  • Personal name: Schmid,
  • Titles and other words associated with a name: chanoine,
  • Dates associated with a name: 1768-1854

400 0# - SEE FROM TRACING--PERSONAL NAME

  • Personal name: Von Kristof Șmit,
  • Dates associated with a name: 1768-1854

400 1# - SEE FROM TRACING--PERSONAL NAME

  • Personal name: Schmid, C.
  • Fuller form of name: (Christoph),
  • Dates associated with a name: 1768-1854

400 1# - SEE FROM TRACING--PERSONAL NAME

  • Personal name: Șmit, Kristof von,
  • Dates associated with a name: 1768-1854

400 1# - SEE FROM TRACING--PERSONAL NAME

  • Personal name: Șmid, Kristof von,
  • Dates associated with a name: 1768-1854

400 1# - SEE FROM TRACING--PERSONAL NAME

  • Personal name: Billung, Jasso,
  • Dates associated with a name: 1768-1854

400 0# - SEE FROM TRACING--PERSONAL NAME

  • Personal name: Författaren till Genoveva af Brabant (Den heliga Genoveva),
  • Dates associated with a name: 1768-1854

400 0# - SEE FROM TRACING--PERSONAL NAME

  • Personal name: Författaren till Den heliga Genoveva, Rosa af Tannenburg, m. fl. berättelser,
  • Dates associated with a name: 1768-1854

400 0# - SEE FROM TRACING--PERSONAL NAME

  • Personal name: Genoveva af Brabant (Den heliga Genoveva), Författaren till,
  • Dates associated with a name: 1768-1854

400 0# - SEE FROM TRACING--PERSONAL NAME

  • Personal name: Heliga Genoveva, Rosa af Tannenburg, m. fl. berättelser, Författaren till den,
  • Dates associated with a name: 1768-1854

400 1# - SEE FROM TRACING--PERSONAL NAME

  • Personal name: Schmid, Cristobal,
  • Dates associated with a name: 1768-1854

400 1# - SEE FROM TRACING--PERSONAL NAME

  • Personal name: Schmid,
  • Titles and other words associated with a name: Canon,
  • Dates associated with a name: 1768-1854

400 1# - SEE FROM TRACING--PERSONAL NAME

  • Personal name: Schmid, Christopher von,
  • Dates associated with a name: 1768-1854

400 1# - SEE FROM TRACING--PERSONAL NAME

  • Personal name: Schmid, Krištof,
  • Dates associated with a name: 1768-1854

400 0# - SEE FROM TRACING--PERSONAL NAME

  • Personal name: Verfasser der Ostereyer,
  • Dates associated with a name: 1768-1854

400 1# - SEE FROM TRACING--PERSONAL NAME

  • Personal name: Ostereyer,
  • Titles and other words associated with a name: Verfasser der,
  • Dates associated with a name: 1768-1854

400 1# - SEE FROM TRACING--PERSONAL NAME

  • Personal name: Shmit, Kʻristʻōf,
  • Dates associated with a name: 1768-1854

400 1# - SEE FROM TRACING--PERSONAL NAME

  • Control subfield: nne
  • Personal name: Schmid, C. V.
  • Fuller form of name: (Christoph von)

670 ## - SOURCE DATA FOUND

  • Source citation: His The stolen child.-[Heinrich v. Eichenfels]

670 ## - SOURCE DATA FOUND

  • Source citation: His Quelques contes, 1896:
  • Information found: t.p. (chanoine Schmid)

670 ## - SOURCE DATA FOUND

  • Source citation: His İberistan-i Almani, nam-i diğer ... 1888 or 1889:
  • Information found: t.p. (Von Kristof Șmit) p. 1 (2d group), etc. (Kristof von Șmit)

670 ## - SOURCE DATA FOUND

  • Source citation: His Rosa af Tannenburg, 1891:
  • Information found: t.p. (författaren till Genoveva af Brabant (Den heliga Genoveva))

670 ## - SOURCE DATA FOUND

  • Source citation: His Julaftonen, 1897:
  • Information found: t.p. (författaren till "Den heliga Genoveva," "Rosa af Tannenburg," m. fl. berättelser)

670 ## - SOURCE DATA FOUND

  • Source citation: His Den lifegnes brud, 1892:
  • Information found: t.p. (Jasso Billung)

670 ## - SOURCE DATA FOUND

  • Source citation: La noche de navidad, 1857:
  • Information found: t.p. (Cristobal Schmid)

670 ## - SOURCE DATA FOUND

  • Source citation: Henry of Eichenfels, and The fire, 1866:
  • Information found: t.p. (Canon Schmid)

670 ## - SOURCE DATA FOUND

  • Source citation: His The cherries, 1849:
  • Information found: t.p. (Christopher von Schmid)

670 ## - SOURCE DATA FOUND

  • Source citation: Neue Erzählungen für Kinder und Kinderfreunde, ca. 1828-1838:
  • Information found: 2. Bdchn., t.p. (Verfasser der Ostereyer)

670 ## - SOURCE DATA FOUND

  • Source citation: Zhēněviēv, 1910:
  • Information found: t.p. (Kʻristʻōf Shmit)

670 ## - SOURCE DATA FOUND

  • Source citation: Jenovefa, [between 1918 and 1930?]:
  • Information found: title page (... Krištofa Schmida)

670 ## - SOURCE DATA FOUND

  • Source citation: Wikipedie, die freie Enzyklopädie, March 20, 2017:
  • Information found: Christoph von Schmid page (Johann Christoph Friedrich von Schmid; born 15 August 1768 in Dinkelsbühl; died 3 September 1854 in Augsburg; Roman Catholic priest and author of church songs and children's literature)
  • Uniform Resource Identifier: https://de.wikipedia.org/wiki/Christoph_von_Schmid

670 ## - SOURCE DATA FOUND

  • Source citation: Eenige anecdoten en honderd leerzame verhalen, 1850:
  • Information found: title page (C. Schmid)

670 ## - SOURCE DATA FOUND

  • Source citation: LC database, accessed December 5, 2022
  • Information found: (hdg.: Schmid, C. V.)